| 000 | 00438nam a22001457a 4500 | ||
|---|---|---|---|
| 999 |
_c15346 _d15346 |
||
| 082 |
_a631.37 _bJOS/DE |
||
| 100 |
_aJOSE, C. M _93020 |
||
| 245 | _aDevelopment and performance evaluation of a rotary tillage attachment to the K.A.U garden tractor | ||
| 260 |
_aTavanur _bKelappaji College of Agricultural Engineering and Technology _c1990 |
||
| 300 | _a66 | ||
| 500 | _athesis | ||
| 520 | _athesis | ||
| 650 |
_athesis _92982 |
||
| 942 | _cTH | ||